Normal view MARC view

Entry Personal Name

Number of records used in: 1

001 - CONTROL NUMBER

  • control field: 10637

003 - CONTROL NUMBER IDENTIFIER

  • control field: DLC

005 - DATE AND TIME OF LATEST TRANSACTION

  • control field: 20260307143103.0

008 - FIXED-LENGTH DATA ELEMENTS

  • fixed length control field: 880331n| azannaabn |a aaa

010 ## - LIBRARY OF CONGRESS CONTROL NUMBER

  • LC control number: n 88147198

035 ## - SYSTEM CONTROL NUMBER

  • System control number: (OCoLC)oca02240769

040 ## - CATALOGING SOURCE

  • Original cataloging agency: DLC
  • Language of cataloging: eng
  • Description conventions: rda
  • Transcribing agency: DLC
  • Modifying agency: DLC
  • Modifying agency: DLC-ON
  • Modifying agency: DLC

046 ## - SPECIAL CODED DATES

  • Birth date: 19460702

053 #0 - LC CLASSIFICATION NUMBER

  • Classification number element--single number or beginning number of span: PR9499.3.D85

100 1# - HEADING--PERSONAL NAME

  • Personal name: Dutta, Arup Kumar

370 ## - ASSOCIATED PLACE

  • Associated country: India

372 ## - FIELD OF ACTIVITY

  • Field of activity: Journalism
  • Source of term: lcsh

374 ## - OCCUPATION

  • Occupation: Journalists
  • Occupation: English teachers
  • Source of term: lcsh

375 ## - GENDER

  • Gender: male

377 ## - ASSOCIATED LANGUAGE

  • Language code: eng

400 0# - SEE FROM TRACING--PERSONAL NAME

  • Personal name: Arup Kumar Dutta

400 1# - SEE FROM TRACING--PERSONAL NAME

  • Personal name: Datta, Arup Kumar

400 0# - SEE FROM TRACING--PERSONAL NAME

  • Personal name: Arup Kumar Datta

400 1# - SEE FROM TRACING--PERSONAL NAME

  • Personal name: Datta, Arūpa Kumāra

400 0# - SEE FROM TRACING--PERSONAL NAME

  • Personal name: Arūpa Kumāra Datta

400 1# - SEE FROM TRACING--PERSONAL NAME

  • Personal name: Dutta, A. K.
  • Fuller form of name: (Arup Kumar)

670 ## - SOURCE DATA FOUND

  • Source citation: His The blind witness, 1983:
  • Information found: t.p. (Arup Kumar Dutta) t.p. verso (teacher of Eng.; journalist)

670 ## - SOURCE DATA FOUND

  • Source citation: New Delhi manual auth. cd.
  • Information found: (hdg.: Datta, Arup Kumar; usage: Arup Kumar Datta)

670 ## - SOURCE DATA FOUND

  • Source citation: His Smack, c1990:
  • Information found: t.p. (Arup Kumar Datta)

670 ## - SOURCE DATA FOUND

  • Source citation: Ltr. fr. auth., 4/4/88
  • Information found: (Arūpa Kumāra Datta, b. 7/2/1946)

670 ## - SOURCE DATA FOUND

  • Source citation: Indian Railways, the final frontier, 2002:
  • Information found: (Arup Kumar Dutta); p. 302 (Dutta, A. K.)

Powered by Koha